La oración pública de la Iglesia (Record no. 146286)

MARC details
000 -LEADER
campo de control de longitud fija 00724nam a2200217 i 4500
001 - NÚMERO DE CONTROL
campo de control 146286
003 - IDENTIFICADOR DE NÚMERO DE CONTROL
campo de control ES-MaACL
005 - FECHA Y HORA DE LA ÚLTIMA TRANSACCIÓN
campo de control 20230906201459.0
007 - CAMPO FIJO DE DESCRIPCIÓN FÍSICA--INFORMACIÓN GENERAL
campo de control de longitud fija t|
008 - DATOS DE LONGITUD FIJA--INFORMACIÓN GENERAL
campo de control de longitud fija 070906s1967 sp ||||1| spa d
080 ## - NÚMERO DE LA CLASIFICACIÓN DECIMAL UNIVERSAL
Número de la Clasificación Decimal Universal 248.143
100 1# - ENTRADA PRINCIPAL--NOMBRE DE PERSONA
Nombre de persona Iraburu, José María.
9 (RLIN) 65398
245 13 - MENCIÓN DEL TÍTULO
Título La oración pública de la Iglesia
Resto del título : inserción del oficio divino en la plegaria personal... /
Mención de responsabilidad, etc. José María Iraburu.
260 ## - PUBLICACIÓN, DISTRIBUCIÓN, ETC.
Lugar de publicación, distribución, etc. Madrid :
Nombre del editor, distribuidor, etc. Propaganda Popular Católica,
Fecha de publicación, distribución, etc. 1967.
300 ## - DESCRIPCIÓN FÍSICA
Extensión 110 p. ;
Dimensiones 19 cm.
490 1# - MENCIÓN DE SERIE
Mención de serie Colección de Pastoral Aplicada ;
Designación de volumen o secuencia 44
650 14 - PUNTO DE ACCESO ADICIONAL DE MATERIA--TÉRMINO DE MATERIA
Término de materia o nombre geográfico como elemento de entrada Oración.
9 (RLIN) 15729
830 0# - PUNTO DE ACCESO ADICIONAL DE SERIE-TÍTULO UNIFORME
Título uniforme Colección de Pastoral Aplicada ;
Designación de volumen o secuencia 44
9 (RLIN) 187240
852 ## - LOCALIZACIÓN
Ubicación ES-MaACL
Número de control de estantería C-33646
Sublocalización o colección R.64605
Holdings
Estatus retirado Estado de pérdida Estado de daño No para préstamo Biblioteca de origen Biblioteca actual Ubicación en estantería Fecha de adquisición Fuente de adquisición Total de préstamos Signatura topográfica completa Código de barras Visto por última vez Precio de reemplazo Tipo de ítem Koha
        Biblioteca del Ateneo de Madrid Biblioteca del Ateneo de Madrid Depósito 2 17/01/2008     C-33646 1152686 23/02/2023 23/02/2023 Libro impreso